Why the whales came / (Record no. 7200)

MARC details
000 -LEADER
fixed length control field 01708nam a22002897a 4500
001 - CONTROL NUMBER
control field 7200
003 - CONTROL NUMBER IDENTIFIER
control field FISKH
005 - DATE AND TIME OF LATEST TRANSACTION
control field 20250702104649.0
008 - FIXED-LENGTH DATA ELEMENTS--GENERAL INFORMATION
fixed length control field 250702b cb ||||| |||| 00| 0 eng d
020 ## - INTERNATIONAL STANDARD BOOK NUMBER
International Standard Book Number 9781405229258
040 ## - CATALOGING SOURCE
Original cataloging agency FISKH
Language of cataloging eng
Transcribing agency FISKH
Modifying agency FISKH
050 ## - LIBRARY OF CONGRESS CALL NUMBER
Classification number PZ7.M82712 W
082 ## - DEWEY DECIMAL CLASSIFICATION NUMBER
Classification number 823.914
100 ## - MAIN ENTRY--PERSONAL NAME
Personal name Morpurgo, Michael
Dates associated with a name (1943-)
245 ## - TITLE STATEMENT
Title Why the whales came /
Statement of responsibility, etc. Michael Morpurgo
250 ## - EDITION STATEMENT
Edition statement This edition first published in 2017
260 ## - PUBLICATION, DISTRIBUTION, ETC.
Place of publication, distribution, etc. London :
Name of publisher, distributor, etc. Egmont,
Date of publication, distribution, etc. 1985
300 ## - PHYSICAL DESCRIPTION
Extent 179 pages :
Dimensions 20 cm
505 ## - FORMATTED CONTENTS NOTE
Formatted contents note T<br/>
520 ## - SUMMARY, ETC.
Summary, etc. Adventure fiction. A stunning story of friendship and our natural world set against the backdrop of the First World War. From the nation's favourite storyteller, Michael Morpurgo. Gracie and her friend Daniel have always been warned to stay away from the Birdman and his side of the island. But then they find a message in the sand and discover the Birdman is not who they thought. But his warnings to stay away from the abandoned and cursed Samson Island stay with them. And when those warnings seem to be coming true, Gracie and Daniel must find out what the Birdman knows - before it's too late... Why the Wales Came is a gripping historical tale full of adventure and friendship, from the author of War Horse. Michael Morpurgo has written more than one hundred books for children and won the Whitbread Award, the Smarties Award, the Circle of Gold Award, the Children's Book Award and has been short-listed for the Carnegie Medal four times. 10 yrs+<br/>
521 8# - TARGET AUDIENCE NOTE
Target audience note 790<br/>
Source Lexile<br/>
521 8# - TARGET AUDIENCE NOTE
Target audience note T<br/>
Source Raz-Plus<br/>
650 ## - SUBJECT ADDED ENTRY--TOPICAL TERM
Source of heading or term Children's fiction
Topical term or geographic name entry element WWI
650 ## - SUBJECT ADDED ENTRY--TOPICAL TERM
Source of heading or term Michael Morpurgo
Topical term or geographic name entry element Fiction
942 ## - ADDED ENTRY ELEMENTS (KOHA)
Source of classification or shelving scheme Dewey Decimal Classification
Koha item type Books
Suppress in OPAC No
Holdings
Withdrawn status Lost status Source of classification or shelving scheme Damaged status Not for loan Collection Home library Current library Shelving location Date acquired Total Checkouts Full call number Barcode Date last seen Date last checked out Copy number Price effective from Koha item type
    Dewey Decimal Classification     Juvenile Fiction Footprints International School Library Network Toul Tom Poung Campus Footprints International School Library Network Toul Tom Poung Campus TTP Secondary Fiction Bookshelves 07/02/2025 1 MOR 823.914 PZ7.M82712 W 2025-1725 09/30/2025 07/15/2025 1 07/02/2025 Books